All Country Tripoint Borders in the World - Statistics

General Stats
  • This quiz has been taken 670 times
    608 since last reset
  • The average score is 108 of 137
Answer Stats
Answer % Correct
China
93%
France
90%
France (French Guiana)
90%
Russia
90%
Russia (Kaliningrad)
90%
Austria
89%
Germany
89%
Italy
89%
India
88%
Switzerland
87%
Brazil
86%
Iran
86%
Pakistan
86%
Afghanistan
85%
Hungary
85%
Norway
85%
Slovakia
85%
Slovenia
85%
Poland
84%
Spain
84%
Turkey
84%
Argentina
83%
Croatia
83%
Dem. Rep. of Congo
83%
Finland
83%
Latvia
83%
Lithuania
83%
Mongolia
83%
Serbia
83%
South Africa
83%
Tajikistan
83%
Ukraine
83%
Belarus
82%
Chile
82%
Sweden
82%
Vietnam
82%
Algeria
81%
Andorra
81%
Angola (Cambinda)
81%
Armenia
81%
Belgium
81%
Bolivia
81%
Colombia
81%
Czechia
81%
Egypt
81%
Iraq
81%
Libya
81%
Montenegro
81%
Namibia
81%
Nepal
81%
Netherlands
81%
Paraguay
81%
Peru
81%
Rep. of Congo
81%
Uzbekistan
81%
Angola
80%
Cambodia
80%
Chad
80%
Estonia
80%
Georgia
80%
Kosovo
80%
Laos
80%
Mali
80%
Niger
80%
Sudan
80%
Thailand
80%
Turkmenistan
80%
Azerbaijan
79%
Azerbaijan (Nakhchivan)
79%
Bhutan
79%
Botswana
79%
Greece
79%
Morocco
79%
Romania
79%
Saudi Arabia
79%
Albania
78%
Bosnia & Herzegovina
78%
Bulgaria
78%
Guyana
78%
Luxembourg
78%
Mozambique
78%
Myanmar
78%
North Korea
78%
Tanzania
78%
Tunisia
78%
Venezuela
78%
Zimbabwe
78%
Kazakhstan
77%
Kenya
77%
Mauritania
77%
Nigeria
77%
Uganda
77%
Uruguay
77%
Zambia
77%
Burkina Faso
76%
Central African Republic
76%
Rwanda
76%
Syria
76%
Bangladesh
75%
Burundi
75%
Ecuador
75%
Israel
75%
Jordan
75%
Liechtenstein
75%
Macedonia
75%
Oman
75%
South Sudan
75%
Suriname
75%
Cameroon
74%
Ethiopia
74%
Lebanon
74%
Mexico
74%
Moldova
74%
Somalia
74%
Yemen
74%
Guatemala
73%
Kyrgyzstan
73%
Benin
72%
Eswatini (Swaziland)
72%
Gabon
72%
Ghana
72%
Guinea
72%
Senegal
72%
Togo
72%
Belize
71%
Eritrea
71%
Kuwait
71%
Malawi
71%
United Arab Emirates
71%
Djibouti
70%
Côte d'Ivoire
69%
Honduras
68%
Liberia
68%
Sierra Leone
68%
El Salvador
66%
Guinea-Bissau
66%
Equatorial Guinea
63%
No matching quizzes found
Score Distribution
Percent of People with Each Score
Percentile by Number Answered
Your Score History
You have not taken this quiz since the last reset